000 00389pab a2200145 454500
008 180718b1989 xxu||||| |||| 00| 0 eng d
100 _aKhanna, Sushil
245 _aTechnical change and competitiveness in Indian textile industry
260 _c1989
300 _aM-103-11
362 _a26 Aug.
650 _aIndustry - India
773 _aEconomic and Political Weekly
909 _a10888
999 _c10888
_d10888